000
00284nam a22001217a 4500
008
181101b xxu||||| |||| 00| 0 eng d
041
_a
eng
080
_a
316
100
_a
50
101
_a
SOC
245
_a
Disease Of The Skin In Children
_c
And Adolescents
942
_2
udc
_c
BK
999
_c
51392
_d
51392